000 00586nam a2200241 a 4500
001 nice12345678
003 IN_TiNIC
005 20260116013252.0
008 050524s1994 dela grp 000 0 eng
020 _a817099X
_c350
082 0 0 _a956.7043
_bALA
100 _aAlam, Mahboob
245 _aIraqi Foreign Policy Since Revolution
260 _aDelhi
_bMittal Publication
_c1994
300 _a294p
500 _aincludes index and biblioraphy
505 2 _aIndex
650 _aIraq
700 1 _aAlam, Mahboob
902 _bSRS
942 _cBK
999 _c10333
_d10333